F1 Fahrer Funko Pop Bilderquiz - Statistiken

Allgemein
  • Dieses Quiz wurde 62 mal gespielt
  • Das Durchschnittsergebnis liegt bei 8 aus 10
Antwortstatistiken
Bildquiz Antwort % Korrekt
Hamilton
100%
Alonso
98%
Verstappen
98%
Bottas
92%
Antonelli
91%
Perez
89%
Russell
87%
Tsunoda
62%
Senna
58%
Andretti
0%
Keine übereinstimmenden Quizze gefunden
Verteilung der Resultate
Anzahl Personen mit jedem Resultat
Perzentil nach korrekt beantworteten Fragen
Ihre Resultats-Entwicklung
Sie haben dieses Quiz noch nicht gespielt